000 00628nam a22001697a 4500
005 20180118142024.0
010 _aENG-122108
020 _a9789352606917
_c895.00
035 _aEN-105640
037 _bDBAD/PUB
082 _a621.381
245 _aGATE :
_btopic- wise previous year solved paper for electronics and communication engineering /
260 _aTamil Nadu
_bMcGraw Hill Education (India)
_cc2017
270 _a444/1, Sri Ekambara Naicker Industrial Estate, Alapakkam, Porur, Chennai-600116, Tamil Nadu, India
300 _axi, various pages.
_c28cm(pbk)
_bill.
942 _2ddc
_cEN
_h621.381
_mGAT
999 _c149291
_d149291